000 00455nam a2200181Ia 4500
001 23036
005 20260414150910.0
008 260414t1997||||xx |||||||||||||| ||spa||
041 _aESP
082 _a624.1771
_bS766
100 _aSoong, T. T.
_eAUT
245 0 _aPassive energy dissipation systems in structural engineering
_b
260 _c1997
300 _a356 páginas :
_c27 cm.
650 _a0
654 _aCIC
942 _cLIB
_dJUS
_fJUS
_2ddc
_n
999 _c23036
_d23036